Exercices d'analyse à l'usage des candidats aux grandes écoles(programmes A,B,C), aux écoles normales supérieures..... Tome2 (Record no. 33427)
[ view plain ]
| 000 -LEADER | |
|---|---|
| fixed length control field | 00669 a2200277 4500 |
| 037 ## - SOURCE OF ACQUISITION | |
| Stock number | 4169 |
| 037 ## - SOURCE OF ACQUISITION | |
| Stock number | 4163 |
| 037 ## - SOURCE OF ACQUISITION | |
| Stock number | 4166 |
| 037 ## - SOURCE OF ACQUISITION | |
| Stock number | S4966 |
| 100 ## - VEDETTE PRINCIPALE - NOM DE PERSONNE | |
| Personal name | Rivaud, Jacques |
| 100 ## - VEDETTE PRINCIPALE - NOM DE PERSONNE | |
| Language of a work | Fr |
| 260 ## - PUBLICATION, DISTRIBUTION, ETC. (IMPRINT) | |
| Place of publication, distribution, etc | Paris |
| 260 ## - PUBLICATION, DISTRIBUTION, ETC. (IMPRINT) | |
| Name of publisher, distributor, etc | Vuibert |
| 245 ## - TITLE STATEMENT | |
| Title | Exercices d'analyse à l'usage des candidats aux grandes écoles(programmes A,B,C), aux écoles normales supérieures..... Tome2 |
| 260 ## - PUBLICATION, DISTRIBUTION, ETC. (IMPRINT) | |
| Date of publication, distribution, etc | 1966 |
| 250 ## - EDITION STATEMENT | |
| Edition statement | 4è éd. |
| 300 ## - PHYSICAL DESCRIPTION | |
| Extent | 228p. |
| 300 ## - PHYSICAL DESCRIPTION | |
| Other physical details | 24cm |
| 630 ## - SUBJECT ADDED ENTRY--UNIFORM TITLE | |
| Uniform title | 51 - Mathematiques |
| 650 ## - SUBJECT ADDED ENTRY--TOPICAL TERM | |
| Topical term or geographic name as entry element | 5 - SCIENCES EXACTES ET NATURELLES |
| 650 ## - SUBJECT ADDED ENTRY--TOPICAL TERM | |
| Topical term or geographic name as entry element | Analyse |
| 650 ## - SUBJECT ADDED ENTRY--TOPICAL TERM | |
| Topical term or geographic name as entry element | Exercices |
| 650 ## - SUBJECT ADDED ENTRY--TOPICAL TERM | |
| Topical term or geographic name as entry element | Fonctions |
| Withdrawn status | Lost status | Damaged status | Not for loan | Location (home branch) | Sublocation or collection (holding branch) | Date acquired | Koha issues (times borrowed) | Koha full call number | Koha date last seen | Price effective from | Koha item type |
|---|---|---|---|---|---|---|---|---|---|---|---|
| Bibliothèque Universitaire Centrale | Bibliothèque Universitaire Centrale | 28/02/2009 | 517 RIV | 28/02/2009 | 28/02/2009 | Livre |